[Event "Nuremberg Zabo op 23rd"]
[Site "Nuremberg"]
[Date "2023.09.15"]
[Round "1"]
[White "Hanek, Erik"]
[Black "Flierl, Robin"]
[Result "0-1"]
[WhiteElo "1451"]
[BlackElo "1689"]
[PlyCount "66"]
[EventDate "2023.09.15"]
[EventType "swiss"]
[EventRounds "5"]
[EventCountry "GER"]
[SourceTitle "EXT 2024"]
[Source "ChessBase"]
[SourceDate "2023.10.10"]
[SourceVersion "1"]
[SourceVersionDate "2023.10.10"]
[SourceQuality "1"]

1. e4 e5 2. Nf3 Nc6 3. Bc4 Bc5 4. 0-0 d6 5. h3 Nf6 6. Re1 0-0 7. Nc3 Nd4 8. Na4 b5 9. Nxd4 bxc4 10. Nxc5 exd4 11. Na4 d3 12. Nc3 Bb7 13. cxd3 cxd3 14. Qf3 Nxe4 15. Nxe4 f5 16. Nf6+ Qxf6 17. Qxb7 Rae8 18. Rxe8 Rxe8 19. Qb3+ Kf8 20. Qxd3 Re1+ 21. Kh2 Qe5+ 22. Qg3 f4 23. Qf3 g5 24. d4 Qf6 25. Qc3 Rf1 26. b3 Rxf2 27. Bb2 f3 28. Rg1 Qf4+ 29. Kh1 Qg3 30. Qc6 fxg2+ 31. Qxg2 Rxg2 32. Rxg2 Qxh3+ 33. Kg1 h5 0-1